000 00302nam a2200121Ia 4500
008 240731s9999 xx 000 0 und d
022 _a2578-9821
245 0 _aNordic Journal of Criminology
260 _bRoutledge
856 _uhttps://www.tandfonline.com/loi/scri21
942 _2ddc
942 _cTFEJ
999 _c78737
_d78737
945 _a1
_bMadushi Gamage
_c1
_dMadushi Gamage